15 najbardziej dotkniętych krajów Covid-19 - 23 lipca - Statystyki

Ogólne statystyki
  • Ten quiz został rozwiązany 48 razy
  • Średni wynik to 9 z 25
Statystyki odpowiedzi
kraj % Poprawnych
Stany Zjednoczone
96%
Rosja
80%
Włochy
74%
Hiszpania
72%
Brazylia
70%
Indie
63%
Meksyk
61%
Wielka Brytania
61%
Republika Południowej Afryki
35%
Pakistan
30%
Chile
26%
Chile
26%
Iran
24%
Kolumbia
22%
Szwecja
22%
Peru
20%
Arabia Saudyjska
13%
Białoruś
13%
Katar
11%
Oman
11%
Singapur
11%
Kuwejt
9%
Bahrajn
7%
Panama
7%
Armenia
2%
Nie znaleziono quizów pasujących do podanych kryteriów
Rozkład punktacji
Procent ludzi z każdym wynikiem
Percentyl według liczby udzielonych odpowiedzi
Twoja historia wyników
Nie rozwiązałeś tego quizu